| 000 | 00418 a2200157 4500 | ||
|---|---|---|---|
| 005 | 20250415115002.0 | ||
| 020 | _a0-471-63761-0 | ||
| 082 | _a657.046 HAR | ||
| 100 | _aHARIED, A. A. | ||
| 245 | _aAdvanced Accounting | ||
| 250 | _a4th Ed. | ||
| 260 |
_aNew York, _bJohn Wiley & Sons, _c1988. |
||
| 300 |
_axxv, 963p.: ill.; table, _bindex, _c23cm. |
||
| 700 | _aIMDIEKE , L. F. & SMITH, R. E. | ||
| 942 |
_2ddc _cBKS |
||
| 999 |
_c1454 _d1454 |
||